Những vụ Xì-căng-đan toán học

Đã lưu trong:
Bibliografiske detaljer
Hovedforfatter: Pappas, Theoni
Format: Bog
Sprog:Undetermined
Udgivet: Hà Nội Dân trí 2014
Fag:
Tags: Tilføj Tag
Ingen Tags, Vær først til at tagge denne postø!
Thư viện lưu trữ: Trung tâm Học liệu Trường Đại học Cần Thơ
LEADER 00509nam a2200181Ia 4500
001 CTU_194991
008 210402s9999 xx 000 0 und d
020 |c 50000 
082 |a 510.92 
082 |b P213 
100 |a Pappas, Theoni 
245 0 |a Những vụ Xì-căng-đan toán học 
245 0 |c Theoni Pappas 
260 |a Hà Nội 
260 |b Dân trí 
260 |c 2014 
650 |a Lịch sử toán học,Mathematicians 
980 |a Trung tâm Học liệu Trường Đại học Cần Thơ